000 00543nam a2200157 a 4500
001 000021903
005 20210420113209.0
008 100914s1979 cl ad r 000 0 spa d
040 _aDO-SdBNP
_bspa
_cBNPHU
082 _axxxx
_bS623i
110 _aFondo de las Naciones Unidas para la Infancia
_99270
245 1 0 _aSituación de la infancia en américa latina y el caribe /
_ccoordinación Juan Pablo Terra.
260 _aSantiago, Chile :
_bFondo de las Naciones Unidas para la Infancia,
_c1979.
300 _a630 p. ;
_c25 cm.
049 _aBNGR
999 _c21401
_d21401